000 00835nam a22002537a 4500
003 DO-SdBNP
005 20240530073926.0
007 ta
008 220209b2019 dr a|||| |||| 00| p spa d
020 _a9789945617139
040 _aDO-SdBNP
_bspa
_cBNPHU
082 4 _aRD863.44
_bC957p
_222
100 1 _aCruz Mercedes, María de la
_917158
245 1 0 _aPapeletas de burro /
_cMaría de la Cruz Mercedes.
260 _aSanto Domingo :
_bSantuario,
_c2019.
300 _a201 p. :
_bil. ;
_c23 cm.
500 _aIncluye datos biográficos de la autora en las solapas
590 _aInventariado, 2022 /LP
590 _aLa biblioteca posee 1 ejemplar autografiado por la autora
650 0 _aNovela dominicana
_9223
650 4 _aLiteratura dominicana
910 _aLopérez./Validado. Control de calidad MFF
942 _2ddc
_cLBS1
999 _c51383
_d51383